| 000 | 00591cam a2200229 a 4500 | ||
|---|---|---|---|
| 020 | _a9789876020640 | ||
| 040 | _cDLC | ||
| 041 | 1 | _hpor | |
| 082 | _a658 COM 2007 A083 Or. | ||
| 245 | 0 | 0 | _a15 cuentos brasileros / |
| 246 | 3 | 1 | _a15 contos brasileiros |
| 246 | 3 | _aQuince contos brasileiros | |
| 250 | _a1. ed. | ||
| 260 |
_aBuenos Aires : _bComunicarte, _c2007. |
||
| 300 |
_a170 p. ; _c25 cm. |
||
| 650 | 0 | _aShort stories, Brazilian | |
| 650 | 0 | _aBrazilian fiction | |
| 650 | 0 | _aBrazilian fiction | |
| 700 | 1 | _aOliveira, Nelson de, | |
| 700 | 1 | _aLavezzo, Federico. | |
| 942 | _cEK | ||
| 999 |
_c16057 _d16057 |
||